Представление документа в формате RUSMARC

ПолеНазваниеЗначение
  Тип записи a
  Библиографический уровень m
001 Контрольный номер ed94572227a34220acfb97d119719c28
005 Дата корректировки 20140624094402.0
010 Индекс ISBN __
a ISBN 5-8459-0626-1 (рус.)
010 Индекс ISBN __
a ISBN 0-4712-6577-2 (англ.)
200 Заглавие и сведения об ответственности 1_
a Заглавие Путь победителя
e Сведения, относящиеся к заглавию 7 минут в день,которые могут изменить вашу жизнь:пер.с англ.
f Первые сведения об ответственности Джой, Ники
210 Выходные данные 1_
a Место издания М.
c Издательство Диалектика
d Дата издания 2004
215 Физическое описание __
a Объем 222 с.
610 Ключевые слова 0_
a Ключевые слова психология
610 Ключевые слова 0_
a Ключевые слова психология личности
610 Ключевые слова 0_
a Ключевые слова личность
610 Ключевые слова 0_
a Ключевые слова победитель
610 Ключевые слова 0_
a Ключевые слова успех
610 Ключевые слова 0_
a Ключевые слова карьера
686 Индексы других классификаций __
a Классификационный индекс 88.52
2 Код системы rubbk
700 Автор _1
a Фамилия Джой, Ники
801 Источник записи _0
a Страна RU
b Организация РУК
c Дата составления 20050225
g Правила каталогизации PSBO
801 Источник записи _1
a Страна RU
b Организация РУК
c Дата составления 20050225
g Правила каталогизации PSBO
852 Данные о местонахождении __
i Авторский знак Д 42
j Шифр хранения ББК 88
901 Тип документа __
t Тип документа m
938 Служебная информация __
a Название организации Головной вуз
b Имя БД BOOK
c Название АИБС АИБС ИРБИС